[Event "POL-ChT3"]
[Site "Lazy POL"]
[Date "2012.09.09"]
[Round "9"]
[White "Przybylski, Bartosz"]
[Black "Lunkiewicz, Dariusz"]
[Result "1-0"]
[WhiteElo "2102"]
[BlackElo "2052"]
[EventDate "2012.09.01"]
[PlyCount "79"]

1.e4 b6 2.Nc3 Bb7 3.Nf3 d6 4.d4 Nd7 5.Bc4 e6 6.O-O Be7 7.Re1 a6 8.a4 c5 9.
Qe2 Qc7 10.Be3 Ngf6 11.d5 e5 12.g3 Ng4 13.Bd2 h5 14.Ng5 Ndf6 15.h3 Nh6 16.
f4 Bc8 17.Rf1 Ra7 18.Rf2 h4 19.g4 Nd7 20.Raf1 Qd8 21.Nf3 exf4 22.e5 Nxe5 
23.Bxf4 f6 24.Ne4 Nhf7 25.g5 Bxh3 26.Re1 Qc8 27.g6 Nxf3+ 28.Rxf3 Ne5 29.
Bxe5 fxe5 30.Rf7 Bg4 31.Qd3 h3 32.Kh2 Rf8 33.Ref1 Rxf7 34.Rxf7 Bh5 35.Rxg7
Qg4 36.Rg8+ Kd7 37.Bxa6 Qf4+ 38.Ng3 Bg4 39.Qb5+ Kc7 40.Qc6# 1-0

[Event "POL-ChT3"]
[Site "Lazy POL"]
[Date "2012.09.09"]
[Round "9"]
[White "Tabaczka, Jerzy"]
[Black "Duszczak, Dariusz"]
[Result "0-1"]
[WhiteElo "1855"]
[BlackElo "2011"]
[EventDate "2012.09.01"]
[PlyCount "74"]

1.c4 e6 2.Nc3 d5 3.cxd5 exd5 4.e3 Nf6 5.g3 Be7 6.Bg2 c6 7.Nge2 Bf5 8.d3 
O-O 9.O-O Qd7 10.Nf4 Bb4 11.a3 Bxc3 12.bxc3 Na6 13.a4 Nc7 14.Qc2 Rfe8 15.
Re1 h6 16.Bb2 Ne6 17.Ne2 Nc5 18.Rad1 Bh3 19.e4 Bxg2 20.Kxg2 dxe4 21.dxe4 
Qc7 22.f3 Qa5 23.Ra1 Rad8 24.Red1 Rxd1 25.Qxd1 Rd8 26.Nd4 Qa6 27.Ba3 Qc4 
28.Bxc5 Qxc5 29.Qb3 b6 30.h4 Qd6 31.Ra2 g6 32.Re2 Nh5 33.f4 c5 34.Nf3 Qe7 
35.Ne5 Rd6 36.Nc4 Rd3 37.Ne5 Rxg3+ 0-1

[Event "POL-ChT3"]
[Site "Lazy POL"]
[Date "2012.09.09"]
[Round "9"]
[White "Plonczak, Mateusz"]
[Black "Marchel, Agnieszka"]
[Result "1-0"]
[WhiteElo "1965"]
[BlackElo "1995"]
[EventDate "2012.09.01"]

1.d4 d5 2.c4 e6 3.Nf3 f5 4.g3 Nf6 5.Bg2 c6 6.O-O Bd6 7.b3 Nbd7 8.Ba3 Ne4 
9.Bxd6 Nxd6 10.Nbd2 Qf6 11.e3 O-O 12.Qe2 b6 13.cxd5 exd5 14.Rfc1 Bb7 15.h4
Rae8 16.Qd3 h6 17.b4 a6 18.a4 Qe7 19.Rcb1 b5 20.axb5 cxb5 21.Nb3 Ne4 22.
Nc5 Ndxc5 23.dxc5 Nxc5 24.bxc5 Qxc5 25.Rc1 Qe7 26.Nd4 Qe5 27.Rab1 h5 28.
Bf3 g6 29.Nc6 Qd6 30.Qxd5+ Qxd5 31.Bxd5+ Kg7 32.Nb4 Bxd5 33.Nxd5 Re6 34.
Ra1 Rd6 35.Nc7 Kf6 36.Rxa6 Rxa6 37.Nxa6 Rg8 38.Rc6+ Ke5 39.Kg2 Ke4 40.Rb6 
Ke5 41.Rxb5+ Kf6 42.Rb6+ Kg7 43.Nc5 Rc8 44.Nd3 Kh7 45.Nf4 Rg8 46.Rb7+ Kh6 
47.Ne6 1-0

[Event "POL-ChT3"]
[Site "Lazy POL"]
[Date "2012.09.09"]
[Round "9"]
[White "Lewandowska, Anika"]
[Black "Huchwajda, Katarzyna"]
[Result "1-0"]
[WhiteElo "1937"]
[BlackElo "1867"]
[EventDate "2012.09.01"]
[PlyCount "53"]

1.d4 e6 2.e4 d5 3.exd5 exd5 4.Bd3 Nf6 5.Ne2 Be7 6.c3 O-O 7.Qc2 Re8 8.h3 h6
9.Be3 Bd6 10.Nd2 b6 11.g4 Qe7 12.O-O-O Ne4 13.Nxe4 dxe4 14.Bxe4 Bb7 15.g5 
hxg5 16.Rhg1 Kh8 17.Rxg5 Qd7 18.Rh5+ Kg8 19.Rg1 Ba6 20.Bd5 Bd3 21.Qd1 c6 
22.Rxg7+ Kxg7 23.Qg1+ Bg3 24.Qxg3+ Kf8 25.Bh6+ Ke7 26.Bg5+ Kf8 27.Bf6 1-0